000
00216 a2200097 4500
001
43453
100
_a
Shakespeare
245
_a
Winter's Tale
260
_a
London
_b
Oxford University Press
_c
090
_c
27276
_d
27276
942
_a
NUST-CAE
_c
M
_c
19198
999
_c
278526
_d
278526